000 00553nam a2200169 i 4500
001 90352
003 ES-MaACL
005 20230906180422.0
007 t|
008 050120s1962 ag ||||1| spa d
100 1 _aLe Boterf, Hervé.
_970839
245 1 0 _aSólo Dios me detendrá /
_cpor Hervé Le Boterf ; [versión española de María Teresa Tuñas].
260 _aBuenos Aires, etc. :
_bPlaza & Janés,
_c[1962] (
_fLinomonograph)
300 _a216 p. ;
_c18 cm.
700 1 _aTuñas, María Teresa.
_9111678
852 _aES-MaACL
_jC-22064
_bR.50197
999 _c90352
_d90352